Contemporary Color Design

Guardado en:
Detalles Bibliográficos
Formato: Libro
Lenguaje:inglés
Publicado: Cologne : daab, 2007
Materias:
Etiquetas: Agregar Etiqueta
Sin Etiquetas, Sea el primero en etiquetar este registro!

MARC

LEADER 00000nam a22000003a 4500
001 stu196523
005 20141123044019.1
008 091202s2007------------------------eng-d
020 |a 978-3-86654-005-7 
040 |a STU  |b slo 
041 0 |a eng 
245 |a Contemporary Color Design 
260 |a Cologne :  |b daab,  |c 2007 
300 |a 383 s 
650 7 |a dizajn  |2 stusub 
996 |b 284AU04390  |c A*6841  |l AA5150  |s P  |a 0  |w stu196523_0001